000 00996cab a2200265 4500
001 WB2803-34
008 090401t1992 xxu||||| |||| 00| 0 eng d
035 _a(Sirsi) u7473
041 _aeng
245 _aRelief from forfeiture
260 _c1992
350 _a0
490 _aEstates Gazette
_v(9201) 11 January 1992, 101(1)
520 _aDiscusses the HL decision in "Billson v Residential Apartments Ltd" which held that a tenant had a right to relief once a landlord has peaceably reentered premises after a breach of covenant.
650 _aBILLSON AND OTHERS V RESIDENTIAL APARTMENTS LTD
650 _aBREACH OF COVENANT
650 _aFORFEITURE
650 _aLEASES
650 _aPEACEABLE RE-ENTRY
650 _aRELIEF FROM FORFEITURE
650 _aPROPERTY-RESIDENTIAL PROPERTY-RESIDENTIAL LANDLORD AND TENANT-RESIDENTIAL TENANCIES
690 _aPROPERTY-RESIDENTIAL PROPERTY-RESIDENTIAL LANDLORD AND TENANT-RESIDENTIAL TENANCIES
942 _n0
948 _c04/03/1997
999 _c4517
_d4517